September price growth still subdued (Record no. 118113)

MARC details
000 -LEADER
fixed length control field 01249cam a2200253 4500
001 - CONTROL NUMBER
control field WB@3612-461
008 - FIXED-LENGTH DATA ELEMENTS--GENERAL INFORMATION
fixed length control field 041004n2004 000 0 eng u
035 ## - SYSTEM CONTROL NUMBER
System control number (Sirsi) u127613
245 ## - TITLE STATEMENT
Title September price growth still subdued
260 ## - PUBLICATION, DISTRIBUTION, ETC.
Date of publication, distribution, etc. 2004
490 ## - SERIES STATEMENT
Series statement Nationwide Press Release
Volume/sequential designation 30 September 2004 (16)
520 ## - SUMMARY, ETC.
Summary, etc. The "Nationwide autumn review" shows house prices rising in September by just 0.2% on a seasonally adjusted basis, following an increase of 0.1% in August. This brings the average house price to £153 727. Annual house price inflation has reached 17.8%. New regional affordability indices reveal that the most stretched housing markets are northern and northwestern England. Trading up is at its hardest for more than 10 years. Nationwide's annual house price inflation forecast in December 2004 remains at 15%. http://www.nationwide.co.uk/hpi/historical/CMQPRQ3 04.pdf.
590 ## - LOCAL NOTE (RLIN)
Local note WB
590 ## - LOCAL NOTE (RLIN)
Local note WB
650 ## - SUBJECT ADDED ENTRY--TOPICAL TERM
Topical term or geographic name entry element REGIONAL AFFORDABILITY
650 ## - SUBJECT ADDED ENTRY--TOPICAL TERM
Topical term or geographic name entry element TRADING UP
650 ## - SUBJECT ADDED ENTRY--TOPICAL TERM
Topical term or geographic name entry element NATIONWIDE BUILDING SOCIETY
650 ## - SUBJECT ADDED ENTRY--TOPICAL TERM
Topical term or geographic name entry element HOUSE PRICE SURVEYS
650 ## - SUBJECT ADDED ENTRY--TOPICAL TERM
Topical term or geographic name entry element HOUSING MARKET FORECASTS
650 ## - SUBJECT ADDED ENTRY--TOPICAL TERM
Topical term or geographic name entry element HOUSING MARKET SURVEYS
650 ## - SUBJECT ADDED ENTRY--TOPICAL TERM
Topical term or geographic name entry element HOUSE PRICE INFLATION
690 ## - LOCAL SUBJECT ADDED ENTRY--TOPICAL TERM (OCLC, RLIN)
Topical term or geographic name as entry element HOUSING-HOUSE PRICES
942 ## - ADDED ENTRY ELEMENTS (KOHA)
Suppress in OPAC 0
Holdings
Withdrawn status Lost status Source of classification or shelving scheme Damaged status Not for loan Home library Current library Shelving location Date acquired Total Checkouts Full call number Barcode Date last seen Copy number Price effective from Koha item type
    Dewey Decimal Classification     London London News article 04/10/2004   WB4038-11 127613-1001 06/08/2019 1 06/08/2019 News article